00523nam a2200205 a 4500001001300000003000900013005001700022008004100039020001000080082001600090100001900106245001600125260004700141300000800188500003500196505002200231650001200253650003300265700001900298nice12345678IN_TiNIC20260116011318.0050524s1916 mada grp 000 0 eng  ac10000a297.53bANW aAnwar-Ul, Haqq aMuslim Fast aMadrasbChristian Literature Societyc1916 a20p aincludes index and biblioraphy2 aAppendix, Indices aRamadan aComparative Religion-Fasting1 aAnwar-Ul, Haqq